000 00596nam a2200229Ia 4500
003 OSt
005 20220924133100.0
006 a|||||r|||| 00| 0
007 ta
008 220923b |||||||| |||| 00| 0 ben d
024 _a256807
037 _cTextual
040 _aARTS
_cARTS
_bben
041 _2ben
_aben
082 _aO157,1vN71<-N47, M3
100 _aRahaman
_9205592
245 0 _aPurba banglar rajneeti samskriti o kobita
260 _c1983
650 _aBENGALI LITERATURE
942 _hO157,1vN71<-N47, M3
_cTEXL
_2CC
999 _c432535
_d432535